Noci múzeí predchádzal Andrássyho deň deti si pochvaľovali banský vláčik

Podrobná bibliografia
Hlavný autor: Csobádi, Karol, 1956-2016 (Autor)
Médium: Článok
Jazyk:slovenčina
Fyzický popis:Fotogr.
ISSN:1338-841X
Predmet:
On-line prístup:http://roznava.korzar.sme.sk/c/6806074/noci-muzei-predchadzal-andrassyho-den.html

MARC

LEADER 00000nab a2200000 a 4500
001 vtls010515720
003 SK-MaSNL
005 20260318043911.0
008 130531c20130521xo wr| 0 0slo
038 |a RVGKPD 
040 |a RVGKPD  |b slo  |c RVGKPD  |e AACR2 
041 |a slo 
044 |a xo  |c SK 
080 |a 069.02:622  |x (437.6)  |2 1997 
100 1 |a Csobádi, Karol,  |d 1956-2016  |4 aut  |9 1634959 
245 1 0 |a Noci múzeí predchádzal Andrássyho deň  |b deti si pochvaľovali banský vláčik  |c Karol Csobádi 
300 |b Fotogr. 
610 2 7 |a Banícke múzeum v Rožňave  |2 rvgkpd  |9 234684 
611 2 7 |a Noc múzeí a galérií  |d (2013 :  |c Rožňava, Slovensko)  |2 rvgkpd  |9 1252204 
611 2 7 |a Andrássyho deň  |d (2013 :  |c Rožňava, Slovensko)  |2 rvgkpd  |9 1252205 
651 7 |a Rožňava (Slovensko)  |2 rvgkpd  |9 17394 
773 0 |t Rožňavský korzár : týždenník  |g Roč. II, č. 20 (21.5.2013), s. 4  |x 1338-841X 
852 |a RVGKPD  |b KIS3G 
856 4 1 |u http://roznava.korzar.sme.sk/c/6806074/noci-muzei-predchadzal-andrassyho-den.html 
992 |a RBX 
999 |c 2222743  |d 2224673